000 01072nac a22003137a 4500
001 BR0503281
003 BR-BrBNA
005 20240105123143.0
008 230509b bl.|||m| |||| 00| 0 por d
040 _aBR-BrBNA
_bpor
_cBiblioteca Nacional de Agricultura
072 _aM12; E16
090 _a8400 BR0503281
100 1 _aOliveira Neto, F.M. de
110 1 _aEmpresa de Pesquisa Agropecuária e Extensão Rural de Santa Catarina S.A, Florianópolis (Brasil)
245 1 _aDiagnóstico do cultivo de moluscos em Santa Catarina
260 3 _aFlorianópolis, SC (Brasil):
_c2005.
300 _a67 p.
490 _aDocumentos - Empresa de Pesquisa Agropecuária e Extensão Rural de Santa Catarina S.A. (Brazil)
_v
_xISSN 0100-8986
500 _a42 ref.; 6 tables; 39 maps
650 _aMOLUSCO
650 _aMEXILHÃO
650 _aOSTRA
650 _aMICROBIOLOGIA
650 _aPRODUÇÃO PESQUEIRA
650 _aINSPEÇÃO SANITÁRIA
650 _aSISTEMA DE PRODUÇÃO
909 _a202312
_bLúcia Elande
_c55
_dLúcia Elande
942 _2AGRIS
_n0
_cMS
999 _c294217
_d294217